MARC

LEADER 00000nam0a2200000 4500
001 262711
005 20231101233658.0
010 |a 5120092357 
020 |a RU  |b 88-63918 
035 |a (RuTPU)RU\TPU\book\285694 
090 |a 262711 
100 |a 20140603d1988 k y0rusy5003 ca 
101 0 |a rus 
102 |a UA 
105 |a y z 000zy 
200 1 |a Взаимодействие науки и искусства и творчество художника  |f Н. В. Гончаренко [и др.]  |g Академия наук Украинской ССР (АН УССР), Институт искусствоведения, фольклора и этнографии им. М. Рыльского 
210 |a Киев  |c Наукова думка  |d 1988 
215 |a 278,[1] с. 
300 |a Авт. указаны на обороте тит. л. 
606 1 |a Художественное творчество  |x Эстетика  |2 stltpush  |3 (RuTPU)RU\TPU\subj\17684  |9 43258 
610 1 |a искусство 
610 0 |a наука 
610 0 |a художники 
610 0 |a взаимодействие 
610 0 |a идейное содержание 
610 0 |a стили 
610 0 |a методология 
686 |a Ю80  |2 rubbk 
701 1 |a Гончаренко  |b Н. В.  |g Николай Васильевич 
701 1 |a Громов  |b В. Е.  |g Валерий Евгеньевич 
701 1 |a Лапокныш  |b Л. В.  |g Людмила Васильевна 
701 1 |a Лановенко  |b О. П.  |g Олег Петрович 
712 0 2 |a Академия наук Украинской ССР (АН УССР)  |b Институт искусствоведения, фольклора и этнографии им. М. Рыльского  |c (Киев)  |c (1944-1999)  |2 stltpush  |3 (RuTPU)RU\TPU\col\17814 
801 0 |a RU  |b RuMRKP  |c 19960705  |g psbo 
801 1 |a RU  |b 63413507  |c 20140603 
801 2 |a RU  |b 63413507  |c 20150211  |g RCR 
942 |c BK